[Event "Irena Warakomska Memorial A"]
[Site "Suwalki"]
[Date "2018.08.01"]
[Round "1"]
[White "Bykovskiy, Oleg"]
[Black "Bernadskiy, Vitaliy"]
[Result "0-1"]
[Board "10"]
[WhiteElo "2261"]
[WhiteTitle "FM"]
[WhiteCountry "UKR"]
[WhiteFideId "14129825"]
[WhiteEloChange "-3"]
[BlackElo "2586"]
[BlackTitle "GM"]
[BlackCountry "UKR"]
[BlackFideId "14100371"]
[BlackEloChange "1"]

1. e4 {[%clk 1:30:57]} g6 {[%clk 1:29:20]} 2. d4 {[%clk 1:31:15]} Bg7 {[%clk
1:29:47]} 3. Nc3 {[%clk 1:31:10]} a6 {[%clk 1:30:12]} 4. Be3 {[%clk 1:30:50]} d6
{[%clk 1:29:24]} 5. a4 {[%clk 1:29:34]} Nf6 {[%clk 1:28:36]} 6. f3 {[%clk
1:28:41]} O-O {[%clk 1:28:35]} 7. Bc4 {[%clk 1:29:03]} c6 {[%clk 1:24:48]} 8.
Nge2 {[%clk 1:26:43]} d5 {[%clk 1:24:31]} 9. exd5 {[%clk 1:26:51]} cxd5 {[%clk
1:24:26]} 10. Ba2 {[%clk 1:26:19]} Nc6 {[%clk 1:24:51]} 11. Nf4 {[%clk 1:24:48]}
e6 {[%clk 1:25:18]} 12. Nd3 {[%clk 1:22:55]} Ne8 {[%clk 1:23:57]} 13. Ne2 {[%clk
1:22:30]} Nd6 {[%clk 1:24:13]} 14. c3 {[%clk 1:22:20]} Nc4 {[%clk 1:21:51]} 15.
Bxc4 {[%clk 1:15:54]} dxc4 {[%clk 1:22:16]} 16. Nf2 {[%clk 1:15:37]} h6 {[%clk
1:13:13]} 17. O-O {[%clk 1:13:37]} Na5 {[%clk 1:07:46]} 18. Ng4 {[%clk 1:03:41]}
Kh7 {[%clk 1:07:59]} 19. Qc2 {[%clk 1:01:12]} Nc6 {[%clk 0:58:45]} 20. Nf4 {[%clk
0:55:01]} f5 {[%clk 0:56:10]} 21. Rae1 {[%clk 0:46:21]} Qe8 {[%clk 0:50:47]} 22.
d5 {[%clk 0:40:01]} fxg4 {[%clk 0:51:02]} 23. dxc6 {[%clk 0:40:26]} gxf3 {[%clk
0:44:55]} 24. Qe4 {[%clk 0:36:40]} bxc6 {[%clk 0:43:24]} 25. g4 {[%clk 0:25:00]}
e5 {[%clk 0:41:52]} 26. Bc5 {[%clk 0:17:50]} Bxg4 {[%clk 0:33:58]} 27. Bxf8
{[%clk 0:16:49]} Bxf8 {[%clk 0:34:17]} 28. Qxc4 {[%clk 0:15:09]} Qe7 {[%clk
0:32:44]} 29. h3 {[%clk 0:06:55]} Bf5 {[%clk 0:31:52]} 30. Kh2 {[%clk 0:04:41]}
Qf6 {[%clk 0:32:05]} 31. Nd3 {[%clk 0:02:25]} Bd6 {[%clk 0:31:39]} 32. Re4 {[%clk
0:02:44]} Bxe4 {[%clk 0:31:56]} 33. Qxe4 {[%clk 0:03:10]} Qf5 {[%clk 0:31:57]}
34. Nf2 {[%clk 0:02:02]} Rd8 {[%clk 0:31:10]} 35. Rd1 {[%clk 0:01:45]} h5 {[%clk
0:31:12]} 36. Rd3 {[%clk 0:01:06]} Bc7 {[%clk 0:31:13]} 37. Rxf3 {[%clk 0:01:11]}
Qxf3 {[%clk 0:31:30]} 0-1

[Event "Irena Warakomska Memorial A"]
[Site "Suwalki"]
[Date "2018.08.01"]
[Round "1"]
[White "Vetoshko, Volodymyr"]
[Black "Tomaszewski, Roman"]
[Result "1-0"]
[Board "11"]
[WhiteElo "2521"]
[WhiteTitle "GM"]
[WhiteCountry "UKR"]
[WhiteFideId "14122480"]
[WhiteEloChange "2"]
[BlackElo "2258"]
[BlackTitle "IM"]
[BlackCountry "POL"]
[BlackFideId "1100637"]
[BlackEloChange "-4"]

1. e4 {[%clk 1:30:49]} c6 {[%clk 1:29:34]} 2. d4 {[%clk 1:31:13]} d5 {[%clk
1:29:57]} 3. e5 {[%clk 1:31:38]} c5 {[%clk 1:30:21]} 4. dxc5 {[%clk 1:31:59]} e6
{[%clk 1:30:45]} 5. a3 {[%clk 1:31:53]} Bxc5 {[%clk 1:31:06]} 6. Qg4 {[%clk
1:26:51]} g6 {[%clk 1:29:48]} 7. b4 {[%clk 1:13:21]} Bf8 {[%clk 1:26:49]} 8. Bd3
{[%clk 1:11:43]} Bg7 {[%clk 0:59:41]} 9. Qe2 {[%clk 1:09:34]} a5 {[%clk 0:39:40]}
10. b5 {[%clk 0:55:37]} f6 {[%clk 0:29:35]} 11. f4 {[%clk 0:49:39]} fxe5 {[%clk
0:28:30]} 12. Bb2 {[%clk 0:49:07]} Qc7 {[%clk 0:10:04]} 13. fxe5 {[%clk 0:44:44]}
Nd7 {[%clk 0:10:24]} 14. Nf3 {[%clk 0:44:33]} Nh6 {[%clk 0:07:07]} 15. O-O {[%clk
0:39:52]} Nf7 {[%clk 0:07:33]} 16. Re1 {[%clk 0:36:51]} Nc5 {[%clk 0:07:10]} 17.
a4 {[%clk 0:31:20]} O-O {[%clk 0:07:21]} 18. Nbd2 {[%clk 0:31:34]} b6 {[%clk
0:07:27]} 19. Nb3 {[%clk 0:30:22]} Ne4 {[%clk 0:04:57]} 20. c4 {[%clk 0:24:22]}
Bb7 {[%clk 0:02:39]} 21. cxd5 {[%clk 0:14:56]} exd5 {[%clk 0:03:07]} 22. Nbd4
{[%clk 0:14:37]} Rfe8 {[%clk 0:02:53]} 23. Rac1 {[%clk 0:13:50]} Qe7 {[%clk
0:01:16]} 24. Nc6 {[%clk 0:07:27]} Bxc6 {[%clk 0:01:31]} 25. bxc6 {[%clk
0:07:50]} Nxe5 {[%clk 0:01:52]} 26. Bxe5 {[%clk 0:07:25]} Bxe5 {[%clk 0:02:14]}
27. Qa2 {[%clk 0:06:35]} Kg7 {[%clk 0:00:36]} 28. Qxd5 {[%clk 0:06:34]} Bxh2+
{[%clk 0:00:35]} 29. Nxh2 {[%clk 0:06:23]} 1-0

[Event "Irena Warakomska Memorial A"]
[Site "Suwalki"]
[Date "2018.08.01"]
[Round "1"]
[White "Sowul, Bartosz"]
[Black "Shtembuliak, Evgeny"]
[Result "0-1"]
[Board "12"]
[WhiteElo "2242"]
[WhiteCountry "POL"]
[WhiteFideId "1137590"]
[WhiteEloChange "-3"]
[BlackElo "2517"]
[BlackTitle "IM"]
[BlackCountry "UKR"]
[BlackFideId "14113325"]
[BlackEloChange "2"]

1. Nf3 {[%clk 1:30:40]} Nf6 {[%clk 1:30:41]} 2. g3 {[%clk 1:31:03]} g6 {[%clk
1:30:39]} 3. b3 {[%clk 1:31:27]} Bg7 {[%clk 1:30:25]} 4. Bb2 {[%clk 1:31:51]} O-O
{[%clk 1:30:48]} 5. c4 {[%clk 1:32:18]} d6 {[%clk 1:30:54]} 6. d4 {[%clk
1:32:42]} a5 {[%clk 1:31:01]} 7. Nc3 {[%clk 1:31:55]} Na6 {[%clk 1:29:49]} 8. Bg2
{[%clk 1:29:43]} c6 {[%clk 1:27:54]} 9. O-O {[%clk 1:28:15]} Rb8 {[%clk 1:27:54]}
10. Qd2 {[%clk 1:19:29]} b5 {[%clk 1:23:12]} 11. cxb5 {[%clk 1:13:37]} cxb5
{[%clk 1:22:24]} 12. d5 {[%clk 1:12:44]} b4 {[%clk 1:19:50]} 13. Nd1 {[%clk
1:09:24]} Bb7 {[%clk 1:18:57]} 14. Ne3 {[%clk 1:05:09]} Ne4 {[%clk 1:18:02]} 15.
Qc2 {[%clk 1:04:38]} Nc3 {[%clk 1:05:58]} 16. Ne1 {[%clk 0:46:06]} Rc8 {[%clk
1:03:54]} 17. Qd2 {[%clk 0:45:14]} Nc5 {[%clk 1:03:20]} 18. Nd3 {[%clk 0:41:52]}
Ba6 {[%clk 1:02:21]} 19. Nxc5 {[%clk 0:38:12]} Rxc5 {[%clk 0:56:25]} 20. Bf3
{[%clk 0:35:27]} Qb6 {[%clk 0:56:05]} 21. Kg2 {[%clk 0:31:15]} e5 {[%clk
0:50:49]} 22. dxe6 {[%clk 0:24:41]} fxe6 {[%clk 0:51:13]} 23. a3 {[%clk 0:24:02]}
d5 {[%clk 0:50:44]} 24. axb4 {[%clk 0:23:03]} axb4 {[%clk 0:51:06]} 25. Nc2
{[%clk 0:22:27]} Bb7 {[%clk 0:46:19]} 26. Ne1 {[%clk 0:14:08]} e5 {[%clk
0:45:54]} 27. Kg1 {[%clk 0:13:12]} e4 {[%clk 0:46:00]} 28. Bg2 {[%clk 0:13:28]}
Ba6 {[%clk 0:44:27]} 29. e3 {[%clk 0:11:40]} Bxf1 {[%clk 0:43:09]} 30. Bxf1
{[%clk 0:12:04]} Ra5 {[%clk 0:32:44]} 31. Rxa5 {[%clk 0:11:31]} Qxa5 {[%clk
0:33:12]} 32. Nc2 {[%clk 0:11:17]} Qc5 {[%clk 0:33:07]} 33. Bh3 {[%clk 0:10:23]}
Kh8 {[%clk 0:31:07]} 34. Be6 {[%clk 0:08:15]} Rd8 {[%clk 0:31:19]} 35. Nd4 {[%clk
0:07:37]} Bxd4 {[%clk 0:31:29]} 36. exd4 {[%clk 0:07:55]} Qe7 {[%clk 0:31:03]}
37. Bg4 {[%clk 0:08:09]} e3 {[%clk 0:30:21]} 38. fxe3 {[%clk 0:05:12]} Qe4 {[%clk
0:30:28]} 39. Bh3 {[%clk 0:02:12]} Qb1+ {[%clk 0:30:51]} 40. Kg2 {[%clk 0:32:33]}
Rf8 {[%clk 1:01:00]} 0-1

[Event "Irena Warakomska Memorial A"]
[Site "Suwalki"]
[Date "2018.08.01"]
[Round "1"]
[White "Kanarek, Marcel"]
[Black "Mulet, Piotr"]
[Result "1-0"]
[Board "13"]
[WhiteElo "2508"]
[WhiteTitle "GM"]
[WhiteCountry "POL"]
[WhiteFideId "1126822"]
[WhiteEloChange "1"]
[BlackElo "2202"]
[BlackTitle "FM"]
[BlackCountry "POL"]
[BlackFideId "1106244"]
[BlackEloChange "-3"]

1. d4 {[%clk 1:30:54]} Nf6 {[%clk 1:30:08]} 2. c4 {[%clk 1:30:53]} c5 {[%clk
1:28:59]} 3. d5 {[%clk 1:31:16]} b5 {[%clk 1:29:14]} 4. cxb5 {[%clk 1:31:37]} a6
{[%clk 1:29:39]} 5. bxa6 {[%clk 1:32:01]} Bxa6 {[%clk 1:30:05]} 6. Nc3 {[%clk
1:32:25]} d6 {[%clk 1:30:12]} 7. e4 {[%clk 1:32:42]} Bxf1 {[%clk 1:30:27]} 8.
Kxf1 {[%clk 1:33:09]} g6 {[%clk 1:30:48]} 9. Nf3 {[%clk 1:33:17]} Nbd7 {[%clk
1:30:41]} 10. g3 {[%clk 1:33:38]} Bg7 {[%clk 1:31:08]} 11. Kg2 {[%clk 1:34:01]}
O-O {[%clk 1:31:32]} 12. a4 {[%clk 1:34:24]} Qa5 {[%clk 1:30:23]} 13. Bd2 {[%clk
1:34:44]} Rfb8 {[%clk 1:27:27]} 14. Nb5 {[%clk 1:28:41]} Qb6 {[%clk 1:27:27]} 15.
Qc2 {[%clk 1:21:15]} Ng4 {[%clk 1:21:36]} 16. h3 {[%clk 1:10:46]} Nge5 {[%clk
1:22:00]} 17. Nxe5 {[%clk 1:10:11]} Bxe5 {[%clk 1:21:32]} 18. f4 {[%clk 1:01:11]}
Bg7 {[%clk 1:21:52]} 19. Bc3 {[%clk 1:01:01]} Bxc3 {[%clk 1:19:46]} 20. Qxc3
{[%clk 0:59:29]} c4 {[%clk 1:20:04]} 21. Qxc4 {[%clk 0:48:31]} Rc8 {[%clk
1:20:13]} 22. Qe2 {[%clk 0:47:28]} Nc5 {[%clk 1:20:28]} 23. Nd4 {[%clk 0:39:59]}
Nb3 {[%clk 1:09:14]} 24. Nc6 {[%clk 0:31:03]} Rc7 {[%clk 0:58:50]} 25. Ra3 {[%clk
0:29:03]} Nd4 {[%clk 0:59:02]} 26. Qf2 {[%clk 0:24:29]} e5 {[%clk 0:59:28]} 27.
fxe5 {[%clk 0:22:13]} dxe5 {[%clk 0:59:41]} 28. Rf1 {[%clk 0:19:00]} Rb8 {[%clk
0:47:56]} 29. a5 {[%clk 0:05:44]} Qb5 {[%clk 0:48:20]} 30. Nxd4 {[%clk 0:03:22]}
exd4 {[%clk 0:48:47]} 31. Qxd4 {[%clk 0:03:29]} Qe2+ {[%clk 0:39:57]} 32. Rf2
{[%clk 0:03:25]} Qe1 {[%clk 0:40:26]} 33. Rc3 {[%clk 0:01:47]} Rcb7 {[%clk
0:40:47]} 34. a6 {[%clk 0:00:50]} Rxb2 {[%clk 0:39:53]} 35. Rc8+ {[%clk 0:00:33]}
Rxc8 {[%clk 0:40:15]} 36. Rxb2 {[%clk 0:00:51]} f6 {[%clk 0:39:29]} 37. a7 {[%clk
0:00:58]} Kg7 {[%clk 0:39:54]} 38. Rb7+ {[%clk 0:00:45]} Kh6 {[%clk 0:40:16]} 39.
Rb2 {[%clk 0:01:02]} Qa1 {[%clk 0:36:12]} 40. Qd2+ {[%clk 0:30:38]} g5 {[%clk
1:06:13]} 41. Ra2 {[%clk 0:27:57]} Qb1 {[%clk 1:06:40]} 42. a8Q {[%clk 0:27:34]}
Qxe4+ {[%clk 1:07:03]} 43. Kh2 {[%clk 0:27:56]} 1-0

[Event "Irena Warakomska Memorial A"]
[Site "Suwalki"]
[Date "2018.08.01"]
[Round "1"]
[White "Kumala, Aleksander"]
[Black "Ulybin, Mikhail"]
[Result "0-1"]
[Board "14"]
[WhiteElo "2238"]
[WhiteCountry "POL"]
[WhiteFideId "1141880"]
[WhiteEloChange "-3"]
[BlackElo "2512"]
[BlackTitle "GM"]
[BlackCountry "RUS"]
[BlackFideId "4101405"]
[BlackEloChange "2"]

1. e4 {[%clk 1:30:58]} e6 {[%clk 1:28:36]} 2. d4 {[%clk 1:31:19]} d5 {[%clk
1:28:08]} 3. Bd3 {[%clk 1:31:41]} c5 {[%clk 1:24:11]} 4. exd5 {[%clk 1:32:06]}
exd5 {[%clk 1:20:38]} 5. Nf3 {[%clk 1:32:31]} c4 {[%clk 1:18:32]} 6. Be2 {[%clk
1:32:53]} Bd6 {[%clk 1:16:31]} 7. b3 {[%clk 1:33:17]} cxb3 {[%clk 1:15:48]} 8.
axb3 {[%clk 1:33:17]} Nc6 {[%clk 1:14:14]} 9. O-O {[%clk 1:33:24]} Nge7 {[%clk
1:11:32]} 10. c4 {[%clk 1:32:26]} O-O {[%clk 1:05:20]} 11. Nc3 {[%clk 1:32:21]}
Bg4 {[%clk 0:56:25]} 12. h3 {[%clk 1:13:19]} Bh5 {[%clk 0:54:15]} 13. Re1 {[%clk
1:13:10]} Rc8 {[%clk 0:39:40]} 14. c5 {[%clk 0:58:24]} Bb8 {[%clk 0:37:54]} 15.
Rb1 {[%clk 0:43:26]} Re8 {[%clk 0:21:01]} 16. b4 {[%clk 0:42:56]} a6 {[%clk
0:03:12]} 17. Na4 {[%clk 0:36:16]} Qc7 {[%clk 0:01:25]} 18. g3 {[%clk 0:36:30]}
Ng6 {[%clk 0:01:02]} 19. Bb2 {[%clk 0:22:38]} Re7 {[%clk 0:00:40]} 20. Nb6 {[%clk
0:22:21]} Rd8 {[%clk 0:00:36]} 21. Qd2 {[%clk 0:22:17]} Nf8 {[%clk 0:00:33]} 22.
Nh4 {[%clk 0:16:24]} Bxe2 {[%clk 0:00:43]} 23. Rxe2 {[%clk 0:16:44]} Rxe2 {[%clk
0:00:34]} 24. Qxe2 {[%clk 0:17:12]} Ba7 {[%clk 0:00:37]} 25. b5 {[%clk 0:16:31]}
axb5 {[%clk 0:00:55]} 26. Qxb5 {[%clk 0:16:51]} Bxb6 {[%clk 0:00:37]} 27. cxb6
{[%clk 0:16:53]} Qd7 {[%clk 0:00:49]} 28. Kg2 {[%clk 0:15:45]} Ne6 {[%clk
0:00:33]} 29. Nf3 {[%clk 0:15:45]} h6 {[%clk 0:00:36]} 30. Ra1 {[%clk 0:12:46]}
Qe7 {[%clk 0:00:44]} 31. Ra4 {[%clk 0:09:10]} Ng5 {[%clk 0:00:35]} 32. Nxg5
{[%clk 0:08:37]} hxg5 {[%clk 0:01:00]} 33. Qd3 {[%clk 0:08:01]} Qe6 {[%clk
0:00:44]} 34. Bc1 {[%clk 0:06:50]} f6 {[%clk 0:00:55]} 35. Qg6 {[%clk 0:06:05]}
Ne7 {[%clk 0:00:38]} 36. Qb1 {[%clk 0:05:36]} Nc6 {[%clk 0:00:38]} 37. Qg6 {[%clk
0:05:50]} Qd7 {[%clk 0:00:33]} 38. Qc2 {[%clk 0:03:38]} Rc8 {[%clk 0:00:36]} 39.
Qa2 {[%clk 0:03:43]} Kf7 {[%clk 0:00:45]} 40. Be3 {[%clk 0:33:32]} Rh8 {[%clk
0:30:42]} 41. g4 {[%clk 0:31:08]} Ne7 {[%clk 0:13:56]} 42. Ra5 {[%clk 0:25:18]}
Qe6 {[%clk 0:09:59]} 43. Qb3 {[%clk 0:25:35]} Qe4+ {[%clk 0:07:32]} 44. f3 {[%clk
0:20:24]} Qh7 {[%clk 0:05:51]} 45. Rxd5 {[%clk 0:20:10]} Qxh3+ {[%clk 0:06:03]}
46. Kf2 {[%clk 0:20:27]} Qh2+ {[%clk 0:05:24]} 47. Kf1 {[%clk 0:19:15]} Qh1+
{[%clk 0:04:08]} 48. Ke2 {[%clk 0:16:58]} Qg2+ {[%clk 0:02:39]} 49. Kd3 {[%clk
0:17:19]} Qf1+ {[%clk 0:00:55]} 50. Kc3 {[%clk 0:14:57]} Qa1+ {[%clk 0:01:11]}
51. Kb4 {[%clk 0:11:56]} Nxd5+ {[%clk 0:00:58]} 52. Qxd5+ {[%clk 0:12:20]} Kg6
{[%clk 0:01:11]} 53. Qxb7 {[%clk 0:11:01]} Re8 {[%clk 0:00:59]} 54. Bxg5 {[%clk
0:10:24]} Qxd4+ {[%clk 0:00:55]} 55. Kb3 {[%clk 0:10:37]} Re6 {[%clk 0:00:44]}
56. Be3 {[%clk 0:09:30]} Rxe3+ {[%clk 0:00:55]} 0-1

[Event "Irena Warakomska Memorial A"]
[Site "Suwalki"]
[Date "2018.08.01"]
[Round "1"]
[White "Yevseev, Denis"]
[Black "Bukojemski, Adam"]
[Result "1/2-1/2"]
[Board "15"]
[WhiteElo "2513"]
[WhiteTitle "GM"]
[WhiteCountry "RUS"]
[WhiteFideId "4126378"]
[WhiteEloChange "-3"]
[BlackElo "2233"]
[BlackCountry "POL"]
[BlackFideId "1114620"]
[BlackEloChange "7"]

1. Nf3 {[%clk 1:30:56]} Nf6 {[%clk 1:30:48]} 2. c4 {[%clk 1:31:10]} g6 {[%clk
1:29:00]} 3. Nc3 {[%clk 1:31:20]} Bg7 {[%clk 1:29:21]} 4. e4 {[%clk 1:31:15]} c5
{[%clk 1:29:09]} 5. d4 {[%clk 1:30:57]} cxd4 {[%clk 1:29:11]} 6. Nxd4 {[%clk
1:31:18]} d6 {[%clk 1:29:09]} 7. Be2 {[%clk 1:31:13]} Nc6 {[%clk 1:25:10]} 8. Be3
{[%clk 1:31:17]} Nxd4 {[%clk 1:18:19]} 9. Bxd4 {[%clk 1:31:17]} Qa5 {[%clk
1:18:19]} 10. O-O {[%clk 1:30:09]} O-O {[%clk 1:17:20]} 11. Rc1 {[%clk 1:23:37]}
Bd7 {[%clk 1:15:17]} 12. Re1 {[%clk 1:15:15]} Bc6 {[%clk 1:07:56]} 13. Bd3 {[%clk
1:13:43]} Qh5 {[%clk 1:04:56]} 14. Qxh5 {[%clk 1:10:26]} Nxh5 {[%clk 1:05:19]}
15. Bxg7 {[%clk 1:10:38]} Nxg7 {[%clk 1:04:41]} 16. b4 {[%clk 1:10:08]} Rfd8
{[%clk 0:57:49]} 17. Bf1 {[%clk 1:07:09]} Kf8 {[%clk 0:56:17]} 18. a4 {[%clk
0:57:06]} b6 {[%clk 0:50:21]} 19. e5 {[%clk 0:49:28]} dxe5 {[%clk 0:47:24]} 20.
Rxe5 {[%clk 0:49:50]} Rd2 {[%clk 0:45:17]} 21. a5 {[%clk 0:47:43]} f6 {[%clk
0:38:32]} 22. Ree1 {[%clk 0:47:05]} bxa5 {[%clk 0:37:24]} 23. b5 {[%clk 0:46:46]}
Be8 {[%clk 0:36:51]} 24. c5 {[%clk 0:39:33]} a6 {[%clk 0:35:45]} 25. bxa6 {[%clk
0:38:30]} Bc6 {[%clk 0:35:36]} 26. Ra1 {[%clk 0:19:04]} Rc2 {[%clk 0:35:33]} 27.
Na4 {[%clk 0:19:12]} Ra7 {[%clk 0:30:46]} 28. Bd3 {[%clk 0:17:17]} Rd2 {[%clk
0:31:10]} 29. Bc4 {[%clk 0:16:36]} Rc2 {[%clk 0:31:33]} 30. Nb6 {[%clk 0:12:54]}
a4 {[%clk 0:29:20]} 31. Bf1 {[%clk 0:11:00]} Ne8 {[%clk 0:27:45]} 32. Nxa4 {[%clk
0:10:01]} Bxa4 {[%clk 0:28:04]} 33. Rxa4 {[%clk 0:10:24]} Rxc5 {[%clk 0:28:29]}
34. Rc4 {[%clk 0:05:38]} Rxc4 {[%clk 0:27:52]} 35. Bxc4 {[%clk 0:06:01]} Nd6
{[%clk 0:27:49]} 36. Bf1 {[%clk 0:06:19]} e5 {[%clk 0:26:46]} 37. f3 {[%clk
0:06:18]} Ke7 {[%clk 0:26:31]} 38. Kf2 {[%clk 0:04:08]} Kd7 {[%clk 0:24:29]} 39.
Ke3 {[%clk 0:03:56]} Kc6 {[%clk 0:24:26]} 40. Rc1+ {[%clk 0:33:11]} Kb6 {[%clk
0:54:31]} 41. Rb1+ {[%clk 0:32:44]} Kc5 {[%clk 0:53:47]} 42. g4 {[%clk 0:30:52]}
Ra8 {[%clk 0:44:54]} 43. h4 {[%clk 0:27:08]} f5 {[%clk 0:33:12]} 44. Bd3 {[%clk
0:26:32]} Nc4+ {[%clk 0:26:01]} 45. Bxc4 {[%clk 0:25:40]} Kxc4 {[%clk 0:25:22]}
46. Rb6 {[%clk 0:22:19]} Rd8 {[%clk 0:19:22]} 47. gxf5 {[%clk 0:18:31]} gxf5
{[%clk 0:19:48]} 48. Rf6 {[%clk 0:18:01]} Rd3+ {[%clk 0:19:38]} 49. Ke2 {[%clk
0:18:08]} Ra3 {[%clk 0:19:56]} 50. Rxf5 {[%clk 0:18:17]} Kd4 {[%clk 0:20:13]} 51.
Rf6 {[%clk 0:18:28]} Ra2+ {[%clk 0:20:28]} 52. Kd1 {[%clk 0:17:50]} h5 {[%clk
0:13:24]} 53. Kc1 {[%clk 0:16:31]} Ke3 {[%clk 0:13:30]} 54. Kb1 {[%clk 0:12:53]}
Ra4 {[%clk 0:13:46]} 55. Kb2 {[%clk 0:09:28]} Rxh4 {[%clk 0:13:26]} 56. Kb3
{[%clk 0:08:18]} Rh1 {[%clk 0:13:49]} 1/2-1/2

[Event "Irena Warakomska Memorial A"]
[Site "Suwalki"]
[Date "2018.08.01"]
[Round "1"]
[White "Gleizerov, Evgeny"]
[Black "Godzwon, Iwo"]
[Result "1-0"]
[Board "17"]
[WhiteElo "2513"]
[WhiteTitle "GM"]
[WhiteCountry "RUS"]
[WhiteFideId "4101332"]
[WhiteEloChange "2"]
[BlackElo "2218"]
[BlackCountry "POL"]
[BlackFideId "21802483"]
[BlackEloChange "-3"]

1. Nf3 {[%clk 1:30:13]} g6 {[%clk 1:30:33]} 2. e4 {[%clk 1:30:07]} c5 {[%clk
1:31:00]} 3. d4 {[%clk 1:30:18]} cxd4 {[%clk 1:31:25]} 4. Qxd4 {[%clk 1:25:04]}
Nf6 {[%clk 1:31:27]} 5. e5 {[%clk 1:25:18]} Nc6 {[%clk 1:31:50]} 6. Qa4 {[%clk
1:23:18]} Nd5 {[%clk 1:32:05]} 7. Qe4 {[%clk 1:23:32]} Nb6 {[%clk 1:31:15]} 8.
Nc3 {[%clk 1:22:10]} Bg7 {[%clk 1:31:41]} 9. Bf4 {[%clk 1:22:09]} O-O {[%clk
1:30:59]} 10. O-O-O {[%clk 1:22:09]} f6 {[%clk 1:21:50]} 11. Bc4+ {[%clk
1:06:00]} Nxc4 {[%clk 1:12:32]} 12. Qxc4+ {[%clk 1:06:24]} e6 {[%clk 1:13:00]}
13. Nd4 {[%clk 0:44:49]} Nxd4 {[%clk 1:10:31]} 14. Qxd4 {[%clk 0:45:13]} fxe5
{[%clk 1:10:22]} 15. Bxe5 {[%clk 0:45:38]} Qg5+ {[%clk 1:05:27]} 16. f4 {[%clk
0:46:02]} Bxe5 {[%clk 1:05:53]} 17. fxg5 {[%clk 0:46:18]} Bxd4 {[%clk 1:06:20]}
18. Rxd4 {[%clk 0:46:43]} d5 {[%clk 1:06:46]} 19. Re1 {[%clk 0:45:59]} Rf2 {[%clk
1:00:59]} 20. Rd2 {[%clk 0:35:58]} Rxd2 {[%clk 1:00:59]} 21. Kxd2 {[%clk
0:36:26]} Bd7 {[%clk 1:01:12]} 22. Kd3 {[%clk 0:30:01]} Rc8 {[%clk 0:58:43]} 23.
Kd4 {[%clk 0:27:37]} Kf7 {[%clk 0:58:09]} 24. b3 {[%clk 0:26:24]} b6 {[%clk
0:53:18]} 25. Re2 {[%clk 0:26:01]} Rc5 {[%clk 0:51:55]} 26. Nd1 {[%clk 0:23:26]}
Ke7 {[%clk 0:48:55]} 27. Ne3 {[%clk 0:22:42]} Kd6 {[%clk 0:46:54]} 28. Ng4 {[%clk
0:23:00]} Ra5 {[%clk 0:46:27]} 29. c3 {[%clk 0:21:59]} Rc5 {[%clk 0:45:13]} 30.
Ne5 {[%clk 0:21:08]} Be8 {[%clk 0:44:47]} 31. Rf2 {[%clk 0:20:13]} Ke7 {[%clk
0:45:07]} 32. Rf3 {[%clk 0:19:13]} Rc7 {[%clk 0:44:55]} 33. Ng4 {[%clk 0:19:18]}
Kd6 {[%clk 0:44:55]} 34. Rf8 {[%clk 0:19:02]} Rf7 {[%clk 0:44:24]} 35. Rxf7
{[%clk 0:19:26]} Bxf7 {[%clk 0:44:51]} 36. h4 {[%clk 0:18:45]} a6 {[%clk
0:44:21]} 37. Ne5 {[%clk 0:18:05]} Be8 {[%clk 0:44:47]} 38. c4 {[%clk 0:18:32]}
a5 {[%clk 0:42:37]} 39. cxd5 {[%clk 0:18:45]} exd5 {[%clk 0:43:03]} 40. Ng4
{[%clk 0:49:13]} Bd7 {[%clk 1:06:43]} 41. Nf6 {[%clk 0:49:03]} Bf5 {[%clk
1:06:50]} 42. Nxh7 {[%clk 0:47:43]} b5 {[%clk 1:06:35]} 43. a3 {[%clk 0:42:37]}
b4 {[%clk 1:06:56]} 44. axb4 {[%clk 0:43:03]} axb4 {[%clk 1:07:23]} 45. Nf6
{[%clk 0:43:29]} Bc2 {[%clk 1:07:43]} 46. Nxd5 {[%clk 0:43:53]} Bxb3 {[%clk
1:08:11]} 47. Nxb4 {[%clk 0:44:17]} Ke6 {[%clk 1:08:02]} 48. Ke4 {[%clk 0:44:38]}
Bd1 {[%clk 1:08:07]} 49. Kf4 {[%clk 0:44:42]} Be2 {[%clk 1:08:03]} 50. Nc6 {[%clk
0:44:58]} Kf7 {[%clk 1:07:53]} 51. Ne5+ {[%clk 0:44:41]} Kg7 {[%clk 1:08:20]} 52.
Ke3 {[%clk 0:45:06]} Bd1 {[%clk 1:08:36]} 53. Kd4 {[%clk 0:45:19]} Bc2 {[%clk
1:08:38]} 54. Kd5 {[%clk 0:45:36]} Bb3+ {[%clk 1:07:53]} 55. Kd6 {[%clk 0:46:01]}
Bc2 {[%clk 1:08:17]} 56. Ke7 {[%clk 0:46:27]} Bd1 {[%clk 1:08:34]} 57. Nd7 {[%clk
0:46:49]} Bc2 {[%clk 1:07:52]} 58. Nc5 {[%clk 0:47:13]} Bf5 {[%clk 1:08:15]} 59.
Ne6+ {[%clk 0:47:34]} Kh7 {[%clk 1:08:12]} 60. Kf6 {[%clk 0:47:58]} Kg8 {[%clk
1:08:37]} 61. Nf4 {[%clk 0:45:26]} Kh7 {[%clk 1:09:00]} 62. h5 {[%clk 0:45:07]}
Be4 {[%clk 1:09:27]} 63. hxg6+ {[%clk 0:43:38]} Kg8 {[%clk 1:09:52]} 64. g3
{[%clk 0:44:05]} Bc2 {[%clk 1:10:09]} 65. Nd5 {[%clk 0:44:29]} Bb3 {[%clk
1:09:57]} 66. Ne7+ {[%clk 0:44:53]} Kh8 {[%clk 1:10:25]} 67. g7+ {[%clk 0:45:13]}
Kh7 {[%clk 1:10:54]} 68. g6+ {[%clk 0:45:26]} 1-0

[Event "Irena Warakomska Memorial A"]
[Site "Suwalki"]
[Date "2018.08.01"]
[Round "1"]
[White "Buraczewski, Rafal"]
[Black "Karthik Venkataraman"]
[Result "0-1"]
[Board "18"]
[WhiteElo "2221"]
[WhiteCountry "POL"]
[WhiteFideId "1155245"]
[WhiteEloChange "-3"]
[BlackElo "2514"]
[BlackTitle "IM"]
[BlackCountry "IND"]
[BlackFideId "25006479"]
[BlackEloChange "2"]

1. d4 {[%clk 1:30:52]} e6 {[%clk 1:30:53]} 2. Nf3 {[%clk 1:31:14]} c5 {[%clk
1:30:18]} 3. e3 {[%clk 1:31:09]} Nf6 {[%clk 1:30:42]} 4. c4 {[%clk 1:31:35]} cxd4
{[%clk 1:30:39]} 5. exd4 {[%clk 1:31:50]} d5 {[%clk 1:31:00]} 6. Nc3 {[%clk
1:32:15]} Bb4 {[%clk 1:30:53]} 7. a3 {[%clk 1:27:44]} Bxc3+ {[%clk 1:29:43]} 8.
bxc3 {[%clk 1:28:07]} O-O {[%clk 1:29:43]} 9. Bd3 {[%clk 1:18:45]} dxc4 {[%clk
1:28:51]} 10. Bxc4 {[%clk 1:19:14]} Qc7 {[%clk 1:29:15]} 11. Qd3 {[%clk 1:18:32]}
b6 {[%clk 1:28:44]} 12. Ne5 {[%clk 1:09:37]} Nbd7 {[%clk 1:26:54]} 13. Nxd7
{[%clk 1:04:20]} Bxd7 {[%clk 1:24:01]} 14. Bb3 {[%clk 1:02:45]} Rac8 {[%clk
1:19:12]} 15. Bd2 {[%clk 1:01:46]} Bc6 {[%clk 1:19:05]} 16. O-O {[%clk 0:58:22]}
Bd5 {[%clk 1:19:27]} 17. Bxd5 {[%clk 0:52:45]} Nxd5 {[%clk 1:19:33]} 18. Rfc1
{[%clk 0:51:11]} Qc4 {[%clk 1:19:48]} 19. Qg3 {[%clk 0:51:32]} Kh8 {[%clk
1:18:28]} 20. Qf3 {[%clk 0:48:15]} b5 {[%clk 1:14:05]} 21. Qd1 {[%clk 0:46:29]}
Nb6 {[%clk 1:14:00]} 22. Rab1 {[%clk 0:45:30]} a6 {[%clk 1:14:15]} 23. Bf4 {[%clk
0:45:26]} Qd5 {[%clk 1:14:31]} 24. Rb4 {[%clk 0:42:33]} Rfd8 {[%clk 1:13:17]} 25.
Qg4 {[%clk 0:26:53]} Qe4 {[%clk 1:11:37]} 26. f3 {[%clk 0:23:02]} Qd3 {[%clk
1:11:46]} 27. Qh4 {[%clk 0:09:16]} Nd5 {[%clk 1:11:18]} 28. Rb3 {[%clk 0:08:59]}
f6 {[%clk 1:07:50]} 29. Re1 {[%clk 0:08:27]} Nxc3 {[%clk 1:07:31]} 30. Rb2 {[%clk
0:05:13]} Qxd4+ {[%clk 1:07:52]} 0-1